Las rentas departamentales en Antioquia : una experiencia de control a la ilegalidad : el chance : experiencias, tendencias y desafíos para un caso digno de replicar /

Bibliographic Details
Main Authors: Gómez Zapata, Yuliana (Author), Arango Mesa, María Alexandra (Author)
Format: Electronic eBook
Language:Spanish
Published: Medellín, Colombia: Sello Editorial Tecnológico de Antioquia, [2020]
Edition:Primera edición.
Subjects:
Online Access:Digitalia Hispánica

MARC

LEADER 00000nam a2200000 i 4500
001 DIGTECANT0014
003 NyNyDIG
007 cr |||||||||||
008 241202s2020 ck a ob 000 0 spa d
006 m o d
035 |a (OCoLC)1478204238 
040 |a DGITA  |b eng  |e rda  |e pn  |c DGITA 
020 |a 9789585316508  |q digital 
020 |z 9789585309999  |q impreso 
043 |a s-ck--- 
050 1 4 |a HJ945.2 ebook 
245 0 4 |a Las rentas departamentales en Antioquia :  |b una experiencia de control a la ilegalidad : el chance : experiencias, tendencias y desafíos para un caso digno de replicar /  |c coordinadora equipo de investigación, Yuliana Gómez Zapata ; investigadores, María Alexandra Arango Mesa [and 10 others]. 
250 |a Primera edición. 
264 1 |a Medellín, Colombia:  |b Sello Editorial Tecnológico de Antioquia,  |c [2020] 
300 |a 1 online resource :  |b illustrations. 
336 |a text  |b txt  |2 rdacontent 
337 |a computer  |b c  |2 rdamedia 
338 |a online resource  |b cr  |2 rdacarrier 
347 |a text file  |2 rdaft 
347 |b PDF 
504 |a Includes bibliographical references. 
588 0 |a Online resource; title from PDF title page (Digitalia, viewed December 2, 2024) 
650 0 |a Finance, Public  |z Colombia  |z Antioquia (Department) 
700 1 |a Gómez Zapata, Yuliana,  |e author. 
700 1 |a Arango Mesa, María Alexandra,  |e author. 
791 2 |a Digitalia (Firm),  |e distributor. 
793 0 |g Digitalia eBook Collection:  |a Tecnológico de Antioquia 
776 0 8 |i Print version:  |t Rentas departamentales en Antioquia.  |b Primera edición.  |d Medellín, Colombia: Sello Editorial Tecnológico de Antioquia, [2020]  |z 9789585309999 
856 4 0 |3 Digitalia Hispánica  |u https://www.digitaliapublishing.com/a/159135/ 
910 |a Premium collection: 2024